000 00913cam a2200325 4500
001 ABS65916
008 020930n2002 000 0 eng u
035 _a(Sirsi) u119932
245 _aFocus 2002: Somerset, Devon and Cornwall
260 _v2002
490 _aEstates Gazette
_v(0235) 31 August 2002, 43-60(8)
590 _aABS
650 _aSOMERSET
650 _aDEVON
650 _aCORNWALL
650 _aEXETER
650 _aBRISTOL
650 _aTAUNTON
650 _aBATH
650 _aBRIDGWATER
650 _aYEOVIL
650 _aWESTON-SUPER-MARE
650 _aPLYMOUTH
650 _aPROPERTY-COMMERCIAL PROPERTY-OFFICE PROPERTY-OFFICE PROPERTY MARKET
650 _aTOURISM
650 _aPROPERTY-COMMERCIAL PROPERTY-RETAIL PROPERTY-RETAIL PROPERTY MARKET
650 _aINDUSTRIAL MARKET
690 _aPROPERTY-COMMERCIAL PROPERTY-COMMERCIAL PROPERTY MARKET
942 _n0
999 _c71256
_d71256